| 000 | 00788cam a2200265ua 4500 | ||
|---|---|---|---|
| 001 | 4445234 | ||
| 003 | ARRUPE | ||
| 005 | 20130925172841.0 | ||
| 008 | 820212s1981 enk b 001 0 eng d | ||
| 020 | _a0281038325 | ||
| 035 | _a(OCoLC)9486195 | ||
| 035 | _a(OCoLC)ocm09486195 | ||
| 035 | _a(NNC)4445234 | ||
| 040 |
_aMBtS _cMBtS _dNNUT _dCStRLIN |
||
| 050 |
_aBT202 _b.G577 1981 |
||
| 245 | 0 | 0 |
_aGod incarnate, story and belief / _cedited by A.E. Harvey. |
| 260 |
_aLondon : _bSPCK, _c1981. |
||
| 300 |
_aviii, 104 p. ; _c22 cm. |
||
| 504 | _aIncludes bibliographical references and index. | ||
| 600 | 0 | 0 |
_aJesus Christ _xPerson and offices. _91308 |
| 650 | 0 |
_aIncarnation. _91309 |
|
| 700 | 1 |
_aHarvey, A. E. _q(Anthony Ernest) _91310 |
|
| 942 |
_2lcc _cMONOGRAPH |
||
| 999 |
_c118057 _d118057 |
||